000 00824cam a2200277 4500
008 090401t1995 xxu||||| |||| 00| 0 eng d
020 _a0419203702
035 _a(Sirsi) u61329
041 _aeng
050 _a690.0285
245 _aIntegrated construction information.
260 _aLondon
_bE. & F.N. Spon
_c1995
300 _axxiii,386p. : ill. ; 24cm.
350 _a75
650 _aCIC
650 _aCOMPUTER-INTEGRATED CONSTRUCTION
650 _aCOMPUTERS
650 _aCONSTRUCTION INDUSTRY
650 _aMANAGEMENT-BUSINESS MANAGEMENT-INFORMATION MANAGEMENT
650 _aINTEGRATED CONSTRUCTION INFORMATION
650 _aMODELLING
690 _aMANAGEMENT-BUSINESS MANAGEMENT-INFORMATION MANAGEMENT
700 _aBrandon, Peter & Betts, Martin,
_xEditor
942 _n0
948 _c04/03/1997
999 _c94303
_d94303